Projektové vyučovanie v pedagogických a psychologických súvislostiach

Saved in:
Bibliographic Details
Main Author: Chmelárová, Zuzana, 1967-
Other Authors: Čonková, Andrea, 1982-, Pasiar, Ladislav, 1984-, Hrmo, Roman, Droščák, Martin
Format: Book
Language:Slovak
Published: Báčsky Petrovec Slovenské vydavateľské centrum 2018
Edition:1. vydanie
Subjects:
Tags: Add Tag
No Tags, Be the first to tag this record!

MARC

LEADER 00000nam a2200000 4500
001 0250144
005 20240502083714.0
020 |a 978-86-7103-506-4 
041 0 |a slo 
044 |a RS 
245 1 0 |a Projektové vyučovanie  |b v pedagogických a psychologických súvislostiach  |c Zuzana Chmelárová, Andrea Čonková, Ladislav Pasiar ; recenzenti: Roman Hrmo, Martin Droščák 
250 |a 1. vydanie 
264 1 |a Báčsky Petrovec  |b Slovenské vydavateľské centrum  |c 2018 
300 |a 100 s. [6,25 AH] 
610 2 0 |a vzdelávanie 
610 2 0 |a vyučovanie 
610 2 0 |a projekty 
610 2 0 |a osobnosť 
610 2 0 |a učitelia 
610 2 0 |a študenti 
610 2 0 |a školy 
610 2 0 |a výskum 
610 2 0 |a motivácia 
610 2 0 |a tvorivosť vedecká 
100 1 |a Chmelárová, Zuzana, 1967- 
700 1 |a Čonková, Andrea, 1982- 
700 1 |a Pasiar, Ladislav, 1984- 
700 1 |a Hrmo, Roman 
700 1 |a Droščák, Martin